Jumbled Trios Quiz Stats

 Plays Quiz Updated Aug 21, 2014

Also try: Finding the Keys
Challenge
Share
Tweet
Embed
Score 0/48 Timer 07:00
0 Plays Today
% Correct
door
78%
odor
77.7%
note
72.8%
earn
72.6%
rood
72.1%
tone
71.4%
near
70.6%
mine
68.2%
Nets
68.1%
hare
67.4%
hear
64.1%
Sten
63.3%
lake
61.1%
kale
59.9%
nest
59.6%
mein
58%
leak
56.5%
rage
54.9%
gear
54.5%
stop
54%
poem
53.7%
Eton
53.1%
mope
52.3%
part
51.7%
% Correct
trap
51.5%
opts
50%
Noël
49.7%
rapt
49.5%
lone
48.4%
post
48.4%
tire
48.1%
rite
45.8%
ager
44.8%
tier
43.7%
pome
42.9%
robe
42.7%
rhea
41.6%
pier
41.4%
bore
41.2%
ripe
40.8%
mien
39.5%
leas
39.3%
seal
38.9%
Arne
37.6%
lase
30.7%
enol
24.9%
peri
21.5%
Ebro
19.1%

You're not logged in!

Compare scores with friends on all Sporcle quizzes.
Join for Free
OR
Log In

You Might Also Like...

Show Comments

Extras

Top Quizzes Today


Score Distribution

Your Account Isn't Verified!

In order to create a playlist on Sporcle, you need to verify the email address you used during registration. Go to your Sporcle Settings to finish the process.

Report this User

Report this user for behavior that violates our Community Guidelines.

Details: